[Event "OP-2012-0-02378"]
[Site "LSS email"]
[Date "2012.08.28"]
[Round "?"]
[White "Correa de Almeida, Claudio"]
[Black "Dyda, Tadeusz"]
[Result "0-1"]
[WhiteElo "1688"]
[BlackElo "2211"]
[PlyCount "86"]
[EventDate "2012.08.26"]
[EventType "tourn (corr)"]
[EventRounds "4"]
[EventCountry "GER"]
[SourceTitle "Telechess CBM 165"]
[Source "ChessBase"]
[SourceDate "2015.03.11"]
[SourceVersion "1"]
[SourceVersionDate "2015.03.11"]
[SourceQuality "1"]

1. c4 e5 2. Nc3 Bb4 3. Nd5 Bc5 4. Nf3 c6 5. Nc3 d6 6. e3 Qe7 7. d4 exd4 8. Nxd4 Nf6 9. Be2 0-0 10. 0-0 Bb6 11. e4 Nxe4 12. Nxe4 Qxe4 13. Be3 Nd7 14. Bd3 Qe5 15. Re1 Qf6 16. Nf3 Bxe3 17. Rxe3 Qxb2 18. Nd4 g6 19. Be2 Qb6 20. Nb3 Qc7 21. Re7 d5 22. cxd5 Qd6 23. Re3 cxd5 24. Qd4 b6 25. Re1 Nf6 26. g4 Re8 27. Bf3 Rxe3 28. Rxe3 Bb7 29. g5 Nd7 30. Bg2 Rc8 31. Qd2 Nc5 32. Nxc5 bxc5 33. Qe1 c4 34. h3 Bc6 35. Rc3 Bd7 36. Qc1 Be6 37. Qd1 d4 38. a3 Qe5 39. Rg3 c3 40. Bf1 c2 41. Qc1 Bf5 42. f4 Qc5 43. Rg2 Qb6 0-1

[Event "OP-2012-0-02378"]
[Site "LSS email"]
[Date "2012.08.28"]
[Round "?"]
[White "Vontina, Maria"]
[Black "Dyda, Tadeusz"]
[Result "0-1"]
[WhiteElo "761"]
[BlackElo "2211"]
[PlyCount "34"]
[EventDate "2012.08.26"]
[EventType "tourn (corr)"]
[EventRounds "4"]
[EventCountry "GER"]
[SourceTitle "Corr 2015"]
[Source "ChessBase"]
[SourceDate "2015.07.17"]
[SourceVersion "1"]
[SourceVersionDate "2015.07.17"]
[SourceQuality "1"]

1. e4 d6 2. d4 Nf6 3. f3 c5 4. Nc3 cxd4 5. Qxd4 Nc6 6. Qd1 e6 7. Nge2 Qb6 8. Ng3 Be7 9. Bd3 a6 10. Qe2 d5 11. exd5 exd5 12. Qf2 Bc5 13. Qe2+ Be6 14. Na4 Qb4+ 15. Nc3 d4 16. a3 Qa5 17. 0-0 dxc3+ 0-1

[Event "OP-2012-0-02375"]
[Site "LSS email"]
[Date "2012.08.27"]
[Round "?"]
[White "Dyda, Tadeusz"]
[Black "Sikorski, Roman"]
[Result "1-0"]
[WhiteElo "2221"]
[BlackElo "1879"]
[PlyCount "115"]
[EventDate "2012.08.22"]
[EventType "tourn (corr)"]
[EventRounds "4"]
[EventCountry "GER"]
[SourceTitle "Telechess CBM 159"]
[Source "ChessBase"]
[SourceDate "2014.03.17"]
[SourceVersion "1"]
[SourceVersionDate "2014.03.17"]
[SourceQuality "1"]

1. c4 e5 2. Nc3 Nf6 3. g3 Bb4 4. Bg2 0-0 5. Nf3 Nc6 6. 0-0 d6 7. d3 Re8 8. Nd5 Nxd5 9. cxd5 Ne7 10. d4 exd4 11. Nxd4 Bc5 12. Be3 Ng6 13. Nc2 b6 14. Bxc5 bxc5 15. b4 cxb4 16. Nxb4 Ne5 17. Rc1 Rb8 18. Nd3 Ba6 19. Nxe5 Rxe5 20. Re1 Rb2 21. e3 Qb8 22. Rc2 Rb6 23. Qd2 Bc8 24. Rec1 Re7 25. Bf1 h6 26. Qd4 Rb4 27. Rc4 Rxc4 28. Rxc4 Qb1 29. Qd2 Qa1 30. Rc1 Qe5 31. Bg2 g5 32. a4 Bf5 33. a5 Be4 34. Bxe4 Qxe4 35. a6 Re5 36. Qc2 Qxd5 37. Qxc7 Qd2 38. Rf1 Ra5 39. Qxa7 Qa2 40. Qb8+ Kg7 41. Qxd6 Qe6 42. Qxe6 fxe6 43. Rc1 Rxa6 44. Rc5 Kf6 45. Kg2 Ra2 46. Rc4 Ra5 47. h4 Kg6 48. Re4 Kf5 49. Kf3 gxh4 50. Rxh4 Kg5 51. Kg2 h5 52. Rc4 e5 53. Kh3 Kf6 54. f4 Ra3 55. Rc5 e4 56. Rxh5 Rxe3 57. Re5 Re1 58. g4 1-0